| 000 | 00477nam a22001697a 4500 | ||
|---|---|---|---|
| 003 | BD-DhUL | ||
| 005 | 20191210104654.0 | ||
| 008 | 191210b1896 xx ||||| |||| 00| 0 urd d | ||
| 040 |
_aBD-DhUL _cBD-DhUL |
||
| 082 |
_a001 _bRAM |
||
| 100 | 3 | _aمحمد رفیع رضوی عالی | |
| 245 | 1 | 0 |
_aمخزن الفوائد / _cمحمد رفیع رضوی عالی |
| 260 |
_a: _b، _c۱۸۹۶۔ |
||
| 300 |
_aص۔ ۲۹۵ ؛ _c۲۲ سم۔ |
||
| 650 | 4 | _aKnowledge | |
| 942 |
_2ddc _cBK |
||
| 999 |
_c251179 _d251179 |
||